Normal view
MARC view
- Photography of farms
Entry Topical Term
001 - CONTROL NUMBER
- control field: 104733
003 - CONTROL NUMBER IDENTIFIER
- control field: NUST
005 - DATE AND TIME OF LATEST TRANSACTION
- control field: 20221213135246.0
008 - FIXED-LENGTH DATA ELEMENTS
- fixed length control field: 221213|| aca||aabn | a|a d
040 ## - CATALOGING SOURCE
- Original cataloging agency: NUST
- Transcribing agency: NUST
150 ## - HEADING--TOPICAL TERM
- Topical term or geographic name entry element: Photography of farms
670 ## - SOURCE DATA FOUND
- Source citation: Work cat.: (NUST)184650: Adams, Bert N 1478, The American family farm /, 1996.
